| 000 | 00953cam a22002653a 4500 | ||
|---|---|---|---|
| 001 | 385 | ||
| 003 | PGUSA | ||
| 005 | 20140828082947.0 | ||
| 008 | 960101s1996||||xxu|||||s|||||000 1 eng d | ||
| 040 |
_aPGUSA _beng |
||
| 042 | _adc | ||
| 050 | 4 | _aPS | |
| 100 | 1 |
_aGrey, Zane, _d1872-1939 |
|
| 245 | 1 | 4 |
_aThe Redheaded Outfield, and Other Baseball Stories _h[electronic resource] / _cZane Grey |
| 260 |
_bProject Gutenberg, _c1996 |
||
| 505 | 0 | _aThe redheaded outfield -- The rube -- The rube's pennant -- The rube's honeymoon -- The rube's Waterloo -- Breaking into fast company -- The knocker -- The winning ball -- False colors -- The manager of Madden's Hill -- Old Well-well. | |
| 506 | _aPublic domain in the USA. | ||
| 516 | _aElectronic text | ||
| 653 | _aShort stories | ||
| 653 | _aFiction | ||
| 653 | _aBaseball stories, American | ||
| 830 | 0 |
_aProject Gutenberg _v385 |
|
| 856 | 4 | 0 | _uhttp://www.gutenberg.org/ebooks/385 |
| 942 | _cEB | ||
| 999 |
_c229736 _d229736 |
||